El totalitarismo pornológico (o el mundo visto desde una película porno) /

Saved in:
Bibliographic Details
Main Author: Retana, Camilo
Format: Text
Tags: Add Tag
No Tags, Be the first to tag this record!

MARC

LEADER 00000 a a2200000 04500
001 42707
003
040
100 |a Retana, Camilo  
245 |a El totalitarismo pornológico (o el mundo visto desde una película porno) /  |c Camilo Retana  
773 |g volumen4, número1 ( , 2009), 7 páginas  
999 |c 29187  |d 29187